• 首页
  • 本馆介绍
  • 公告通知
  • 最新文献
  • 馆藏检索
  • 电子资源
  • 读者导购
  • 参考咨询
  • 我的图书馆
  • 登录
  • 详细信息显示
  • 放入我的书架
  • 预约/预借图书
  • 作者相关作品
  • 分类相关作品
  • 丛书相关作品
  • 出版社相关作品

书目信息

  • 表格格式
  • 工作单格式
  • 卡片格式
题名:
专利制度的作用
    
 
作者: ;中国对外翻译出版公司第二编译室 译
分册:  
出版信息: 北京   中国对外翻译出版公司  1985
页数: 191页
开本: 19cm
丛书名:
单 册:
中图分类: N18
科图分类:
主题词: 发明奖励-行政法 , 行政法-发明奖励 , 专利制度--研究 , 自然科学--创造发明 , 自然科学--先进经验
电子资源:
ISBN:
000 01321nam0 2200325 45
001 0185001132
005 20040517102416.0
010    @dCNY1.30
091    @a40220.20
100    @a19900824d1985 kemy0chiy0121 ea
101 1  @achi@ceng
102    @aCN@b110000
105    @ak z 000yy
106    @ar
200 10 @a专利制度的作用@Azhuan li zhi du de zuo yong@e专利制度在向发展中国家转让技术中的作用@f中国对外翻译出版公司第二编译室译
210    @a北京@c中国对外翻译出版公司@d1985
215    @a191页@d19cm
300    @a联合国经济和社会事务部, 贸发会议秘书处和世界知识产权组织国际局的联合报告 书名原文: role of the patent system in the transfer of technology to developing countries
510 1  @aThe role of the patent system in the transfer of technology to developing countries@zeng
517 1  @a专利制度在向发展中国家转让技术中的作用@Azhuan li zhi du zai xiang fa zhan zhong guo jia zhuan rangji shu zhong de zuo yong
606    @a发明奖励-行政法
606    @a行政法-发明奖励
606    @a专利制度@x研究
606 0  @a自然科学@x创造发明
606 0  @a自然科学@x先进经验
690    @aN18
711 02 @a中国对外翻译出版公司第二编译室@Azhong guo dui wai fan yi chu ban gong si di er bian yi shi@4译
801  0 @aCN@b深圳图书馆@c20040517
801  2 @aCN@bNLC@c20040517
905    @f1@b162121@dN18@e33
    
    专利制度的作用:专利制度在向发展中国家转让技术中的作用/中国对外翻译出版公司第二编译室译.-北京:中国对外翻译出版公司,1985
    191页;19cm
    联合国经济和社会事务部, 贸发会议秘书处和世界知识产权组织国际局的联合报告 书名原文: role of the patent system in the transfer of technology to developing countries
    
    ISBN :CNY1.30
    
●
相关链接 在E读中查询图书 在五车中查询图书 在当当中查询图书 在豆瓣中查询图书


正题名:专利制度的作用     索取号:N18/33         预约/预借

序号 登录号 条形码 馆藏地/架位号 状态 备注
1 0162121   000565720   第三借阅区/ [索取号:N18/33] 在馆    
2 0162122   000565739   第二样本阅览室/ [索取号:N18/33] 在馆    
唐山师范学院图书馆 欢迎您!
大连网信软件有限公司© 版权所有